00773cam a22002291 4500001001300000003000400013005001700017008004100034010002300075040001800098043001200116050001700128245009600145260006400241300002600305500004200331651003800373651004200411651004200453700003100495999001700526sa 68001054 DLC20260227112429.0710903s1965 ii 000 0 eng  asa 68001054 //r932 aDLCcDLCdDLC aa-ii---00aHC435.2b.I600aIndian National Congress: souvenir, nineteen hundred and sixty five.cEditor: Atulya Ghosh.0 a[Calcutta,b69th Session, Indian National Congress,c1965?] a127, lxiv, p.c28 cm. aAt head of title: Sixtyninth Session. 0aIndiaxEconomic conditionsy1947- 0aIndiaxPolitics and governmenty1947- 0aWest Bengal (India)xEconomic policy.10aGhose, Atulya,d1904-eed. c77664d77664